Darts Players By Walk-On Music - Statistics

General Stats
  • This quiz has been taken 757 times
  • The average score is 10 of 15
Answer Stats
Walk On Music Player % Correct
Ice Ice Baby - Vanilla Ice Gerwyn Price
93%
Seven Nation Army - The White Stripes Michael Van Gerwen
93%
Don't Stop The Party - Pitbull Peter Wright
89%
Titanium - Sia Stephen Bunting
89%
Cake By The Ocean - DNCE Luke Humphries
83%
Shut Up And Dance - Walk The Moon Michael Smith
83%
Eye Of The Tiger - Survivor Raymond Van Barneveld
79%
Don't Look Back In Anger - Oasis Joe Cullen
70%
Sweet Caroline - Neil Diamond Daryl Gurney
69%
Dizzy - Vic Reeves Dave Chisnall
63%
Zombie - The Cranberries William O'Connor
58%
I'm Still Standing - Elton John James Wade
57%
Let's Get Ready To Rhumble - PJ & Duncan Chris Dobey
51%
YMCA - Village People Ricky Evans
42%
Give It Up - KC & The Sunshine Band Vincent Van De Voort
16%
No matching quizzes found
Score Distribution
Percent of People with Each Score
Percentile by Number Answered
Your Score History
You have not taken this quiz